A carregar...

Dimensions Of Personality /

Detalhes bibliográficos
Autor principal: Eysenck, H J
Formato: Printed Book
Publicado em: London Routledge & Kegan Paul Ltd 1947
LEADER 00385nam a22001097a 4500
082 |a 155.2  |b EYS 
100 |a Eysenck, H J  
245 |a Dimensions Of Personality /  |c H J Eysenck 
260 |a London  |b Routledge & Kegan Paul Ltd  |c 1947 
942 |c BK 
999 |c 316646  |d 316646 
952 |0 0  |1 0  |4 0  |6 155_200000000000000_EYS  |7 0  |9 338655  |a PSY  |b PSY  |c GEN  |d 2020-12-03  |l 0  |o 155.2 EYS  |p PSY2950  |r 2020-12-03  |w 2020-12-03  |y BK